| 000 | 00468nam a22001697a 4500 | ||
|---|---|---|---|
| 003 | NUST - PNEC | ||
| 005 | 20170116181013.0 | ||
| 008 | 150913b xxu||||| |||| 00| 0 eng d | ||
| 020 | _a- | ||
| 040 | _cLIBRARY | ||
| 082 | _a621.381 SHI | ||
| 100 |
_910298 _aShiers, George |
||
| 245 |
_aDesign and construction of electronic equipment _cGeorge Shiers |
||
| 260 | _cc.1966 | ||
| 650 |
_910299 _aElectronic apparatus and appliances--Design _xEL, EE |
||
| 942 |
_2ddc _cBK |
||
| 999 |
_c67165 _d67165 |
||